• 首页
  • 本馆介绍
  • 公告通知
  • 最新文献
  • 馆藏检索
  • 电子资源
  • 读者导购
  • 参考咨询
  • 我的图书馆
  • 登录
  • 详细信息显示
  • 放入我的书架
  • 预约/预借图书
  • 作者相关作品
  • 分类相关作品
  • 丛书相关作品
  • 出版社相关作品

书目信息

  • 表格格式
  • 工作单格式
  • 卡片格式
题名:
心理学与性格分析
    
 
作者: 徐文 著
分册:  
出版信息: 哈尔滨   北方文艺出版社  2017
页数: 245页
开本: 24cm
丛书名:
单 册:
中图分类: B848.6-49
科图分类:
主题词: 性格--通俗读物
电子资源:
ISBN: 978-7-5317-3744-5
000 00701nam0 2200217 450
001 5775
005 20180529221753.61
010    @a978-7-5317-3744-5@dCNY39.80
100    @a20170215d2017 em y0chiy50 ea
101 0  @achi
102    @aCN@b230000
105    @ay z 000yy
200 1  @a心理学与性格分析@9xin li xue yu xing ge fen xi@f徐文著
210    @a哈尔滨@c北方文艺出版社@d2017
215    @a245页@d24cm
330    @a本书通过心理学与性格分析,讲述九种典型的性格,并阐述了它们产生的心理原因,以及拥有这种性格的人的心理特质、爱情观和人生观。
606 0  @a性格@j通俗读物
690    @aB848.6-49@v5
701  0 @a徐文@9xu wen@4著
801  0 @aCN@b91MARC@c20170215
905    @aMuseLib@dB848.6-49@e2362
    
    心理学与性格分析/徐文著.-哈尔滨:北方文艺出版社,2017
    245页;24cm
    
    
    ISBN 978-7-5317-3744-5:CNY39.80
    本书通过心理学与性格分析,讲述九种典型的性格,并阐述了它们产生的心理原因,以及拥有这种性格的人的心理特质、爱情观和人生观。
●
相关链接 在E读中查询图书 在五车中查询图书 在当当中查询图书 在豆瓣中查询图书


正题名:心理学与性格分析     索取号:B848.6-49/2362         预约/预借

序号 登录号 条形码 馆藏地/架位号 状态 备注
1 1114888   211148881   第一样本阅览室/ [索取号:B848.6-49/2362] 在馆    
2 1114889   211148890   教育系资料室/ [索取号:B848.6-49/2362] 在馆    
3 1114890   211148907   教育系资料室/ [索取号:B848.6-49/2362] 在馆    
4 1114891   211148916   教育系资料室/ [索取号:B848.6-49/2362] 在馆    
5 1114892   211148925   第一借阅区/ [索取号:B848.6-49/2362] 在馆    
6 1114893   211148934   第一借阅区/ [索取号:B848.6-49/2362] 在馆    
唐山师范学院图书馆 欢迎您!
大连网信软件有限公司© 版权所有